Gerrymandering Wars - Statistics

General Stats
  • This quiz has been taken 6 times
  • The average score is 9 of 18
Answer Stats
Date maps took effect or were blocked State Intended gain % Correct
November 4, 2025 California D+5 seats
100%
August 29, 2025 Texas R+5 seats
100%
May 4, 2026 Florida R+4 seats
83%
Future Alabama R+2 seats, due toSCOTUS ruling
67%
November 10, 2025 North Carolina R+1 seat
67%
Future South Carolina R+1 seat, due toSCOTUS ruling
67%
November 11, 2025 Utah D+1 seat
67%
May 8, 2026 Virginia D+4 seats (voided despite election results)
67%
December 11, 2025 Indiana R+2 seats (voided)
50%
Future Louisiana R+2 seats, due toSCOTUS ruling
50%
March 2, 2026 New York D+1 seat (voided)
50%
February 20, 2026 Maryland D+1 seat (voided)
33%
October 31, 2025 Ohio R+2 seats
33%
May 7, 2026 Tennessee R+1 seat
33%
June 9, 2025 Arkansas D+1 seat (voided)
17%
November 4, 2025 Kansas R+1 seat (voided)
17%
September 28, 2025 Missouri R+1 seat
17%
March 31, 2026 Wisconsin D+1 seat (voided)
17%
No matching quizzes found
Score Distribution
Percent of People with Each Score
Percentile by Number Answered
Your Score History
You have not taken this quiz